A comparative study of cone penetration test (CPT) and standard penetration test (SPT) for typical soils of Lahore (Record no. 551376)
[ view plain ]
| 000 -LEADER | |
|---|---|
| fixed length control field | 00466nam a22001457a 4500 |
| 082 ## - DEWEY DECIMAL CLASSIFICATION NUMBER | |
| Classification number | T-68 |
| 100 ## - MAIN ENTRY--PERSONAL NAME | |
| Personal name | Ghulam Raza Khan, Maj |
| 9 (RLIN) | 48419 |
| 245 ## - TITLE STATEMENT | |
| Title | A comparative study of cone penetration test (CPT) and standard penetration test (SPT) for typical soils of Lahore |
| Statement of responsibility, etc. | Ghulam Raza Khan, Maj |
| 260 ## - PUBLICATION, DISTRIBUTION, ETC. | |
| Date of publication, distribution, etc. | 1994 |
| 300 ## - PHYSICAL DESCRIPTION | |
| Extent | 192 P, : |
| 526 ## - STUDY PROGRAM INFORMATION NOTE | |
| Program name | 0 |
| Interest level | 0 |
| Reading level | 0 |
| Title point value | T_68 |
| 650 ## - SUBJECT ADDED ENTRY--TOPICAL TERM | |
| Topical term or geographic name entry element | Thesis |
| 9 (RLIN) | 34811 |
| 700 ## - ADDED ENTRY--PERSONAL NAME | |
| Personal name | Professor Muhammad Siddique Qureshi |
| 9 (RLIN) | 48420 |
| 942 ## - ADDED ENTRY ELEMENTS (KOHA) | |
| Source of classification or shelving scheme | |
| Koha item type | Book |
| Withdrawn status | Lost status | Source of classification or shelving scheme | Damaged status | Not for loan | Permanent Location | Current Location | Date acquired | Total Checkouts | Full call number | Barcode | Date last seen | Price effective from | Koha item type | Public note |
|---|---|---|---|---|---|---|---|---|---|---|---|---|---|---|
| Military College of Engineering (MCE) | Military College of Engineering (MCE) | 12/12/2014 | T-68 | MCE-T-68 | 12/12/2014 | 12/12/2014 | Book | Thesis |
